000 01615nam a22003374i 4500
999 _c64464
_d64464
001 1070407
003 CO-MdFUSB
005 20180903121424.0
008 910524s1991 ilu b 001 0 eng
010 _a 91022655
020 _a0830817476 (alk. paper)
040 _aDLC
_dDLC
_bspa
_cCO-MdFUSB
_erda
041 _aeng
082 0 0 _a225.7
_223
_bD251
100 1 _aDavids, Peter H.
_eautor
245 1 0 _aMore hard sayings of the New Testament
_c/ Peter H. Davids.
260 _bInterVarsity Press,
264 1 _aDowners Grove, Ill. USA :
_bInterVarsity Press,
_c℗[1991]
264 4 _c©1991
300 _a311 páginas ;
_c21 cm.
336 _2rdacontent
_atexto
_btxt
337 _2rdamedia
_asin mediación
_bn
338 _2rdacarrier
_avolumen
_bnc
505 _aPrefacio -- Introducción -- Envíanos a la manada de cerdos -- El no les dejaría hablar -- Nadie ha visto a Dios -- ¿Cómo murió Judas? -- Ellos echaron suertes -- La salvación no se encuentra en ningún otro -- Ellos compartieron todas las cosas que tenían -- ¿Como puedes tentar el Espíritu de Dios? -- Todos excepto los apóstoles fueron dispersados -- Bautizado pero sin el Espíritu Santo -- Debe ser un ángel -- ¿Cuan a la ley judía deberían vivir los cristianos? -- Él lo circuncidó -- ¿Recibisteis el Espíritu Santo?
563 _aTapa rústica
630 0 7 _aBiblia.
_pNuevo Testamento
906 _a7
_bcbc
_corignew
_d1
_eocip
_f19
_gy-gencatlg
942 _cBK